书目信息 |
| 题名: |
DSP原理与应用教程
|
|
| 作者: | 张卫宁 主编 | |
| 分册: | ||
| 出版信息: | 北京 科学出版社 2015.02 |
|
| 页数: | 392页 | |
| 开本: | 26cm | |
| 丛书名: | ||
| 单 册: | ||
| 中图分类: | TN911.72 , TP332 | |
| 科图分类: | ||
| 主题词: | 数字信号--信号处理--高等教育--教材 , 数字信号--微处理器--高等教育--教材 | |
| 电子资源: | ||
| ISBN: | 978-7-03-043155-4 | |
| 000 | 01111nam0 2200289 450 | |
| 001 | 0120151506697 | |
| 005 | 20170418143214.92 | |
| 010 | @a978-7-03-043155-4@dCNY54.00 | |
| 100 | @a20150212d2015 em y0chiy50 ea | |
| 101 | 0 | @achi |
| 102 | @aCN@b110000 | |
| 105 | @aak z 000yy | |
| 106 | @ar | |
| 200 | 1 | @aDSP原理与应用教程@9DSP yuan li yu ying yong jiao cheng@f张卫宁主编 |
| 205 | @a2版 | |
| 210 | @a北京@c科学出版社@d2015.02 | |
| 215 | @a392页@c图@d26cm | |
| 300 | @a普通高等教育“十二五”规划教材 | |
| 330 | @a本书以TI公司的TMS320C54x系列DSP为例,详细介绍DSP的硬件结构和软件设计的特点,包括总线结构、CPU、流水线操作、存储器映像、片内外围设备、指令系统及公共目标文件格式等内容。 | |
| 333 | @a可作为电子信息、通信工程、计算机、自动化等专业高年级本科生和研究生的教材,也可作为自学书籍或供从事DSP开发应用的工程技术人员参考 | |
| 606 | 0 | @a数字信号@x信号处理@x高等教育@j教材 |
| 606 | 0 | @a数字信号@x微处理器@x高等教育@j教材 |
| 690 | @aTN911.72@v5 | |
| 690 | @aTP332@v5 | |
| 701 | 0 | @a张卫宁@9zhang wei ning@4主编 |
| 801 | 0 | @aCN@b人天书店@c20150212 |
| 905 | @b985082-85@dTN911.72@e174=2@f4 | |
| DSP原理与应用教程/张卫宁主编.-2版.-北京:科学出版社,2015.02 |
| 392页:图;26cm |
| 普通高等教育“十二五”规划教材.-使用对象:可作为电子信息、通信工程、计算机、自动化等专业高年级本科生和研究生的教材,也可作为自学书籍或供从事DSP开发应用的工程技术人员参考 |
| ISBN 978-7-03-043155-4:CNY54.00 |
| 本书以TI公司的TMS320C54x系列DSP为例,详细介绍DSP的硬件结构和软件设计的特点,包括总线结构、CPU、流水线操作、存储器映像、片内外围设备、指令系统及公共目标文件格式等内容。 |
| ● |
| 相关链接 |
|
|
|
|
正题名:DSP原理与应用教程
索取号:TN911.72/174=2
 
预约/预借
| 序号 | 登录号 | 条形码 | 馆藏地/架位号 | 状态 | 备注 |
| 1 | 985082 | 209850829 | 第二样本阅览室/ [索取号:TN911.72/174=2] | 在馆 | |
| 2 | 985083 | 209850838 | 第三借阅区/ [索取号:TN911.72/174=2] | 在馆 | |
| 3 | 985084 | 209850847 | 第三借阅区/ [索取号:TN911.72/174=2] | 在馆 | |
| 4 | 985085 | 209850856 | 第三借阅区/ [索取号:TN911.72/174=2] | 在馆 |